000
00224nam a2200097Ia 4500
008
190216s9999||||xx |||||||||||||| ||und||
100
_a
Null
245
0
_a
Hindi-100 Adarsh Niband
260
_b
Rajakamal Prakashan
942
_c
BK
999
_c
16958
_d
16958